| 000 | 01149naa a2200313 c 4500 | ||
|---|---|---|---|
| 001 | 47586 | ||
| 003 | ES-MaCES | ||
| 005 | 20160429133614.0 | ||
| 008 | 160429s2005 sp ||||| t||||||| ||spa d | ||
| 040 |
_aES-MaCES _bspa _cES-MaCES _dES-MaCES |
||
| 100 | 1 |
_923585 _aSassen, Saskia |
|
| 245 | 1 | 1 |
_a¿Globalización o desnacionalización? _cSaskia Sassen |
| 504 | _aBibliografía: p. 82-86 | ||
| 650 | 4 |
_930653 _aglobalización económica |
|
| 650 | 4 |
_927958 _acomercio internacional |
|
| 650 | 4 |
_926700 _aorganización internacional |
|
| 650 | 4 |
_927142 _aempresa multinacional |
|
| 650 | 4 |
_929209 _aorganización del trabajo |
|
| 650 | 4 |
_927220 _anivel local |
|
| 650 | 4 |
_927968 _adivisión internacional del trabajo |
|
| 650 | 4 |
_927082 _aconsecuencias económicas |
|
| 650 | 4 |
_928778 _aaspecto geográfico |
|
| 650 | 4 |
_927257 _asociología |
|
| 650 | 4 |
_927288 _aconsecuencias sociales |
|
| 653 | 1 | 0 | _aCiencias Sociales-Políticas |
| 773 | 0 |
_920670 _b1ª ed _dMadrid CIS 2005 _o062637 _tViejas sociedades, nueva Sociología _w(ES-MaCES)18193 _z8474763908 _gp. 65-86 . - DPT-12238 |
|
| 902 | _aARL Artículo de libro | ||
| 942 |
_2CES _cAR _h7.0. |
||
| 999 |
_c47586 _d47586 |
||